[Event "2BLO 2223 SG Leipzig  - SC NT Nürnberg"]
[Site "?"]
[Date "2023.03.18"]
[Round "9.7"]
[White "Heimrath, Reiner"]
[Black "Rausch, Stephan"]
[Result "1-0"]
[WhiteElo "2172"]
[BlackElo "2272"]
[PlyCount "117"]
[EventDate "2023.??.??"]

1. e4 e6 2. Qe2 Nc6 3. Nf3 e5 4. g3 Nf6 5. Bg2 Bc5 6. c3 a5 7. Nxe5 Nxe5 8. d4 d6 9. dxc5 dxc5 10. O-O Qd3 11. Qxd3 Nxd3 12. Na3 Nxc1 13. Raxc1 c6 14. e5 Nd7 15. Nc4 O-O 16. f4 Ra6 17. Rcd1 Nb6 18. Nd6 Na4 19. Rd2 Rb6 20. Rff2 Be6 21. c4 Rb4 22. Bf1 Nb6 23. Rc2 g6 24. a3 Rb3 25. Nxb7 Nd7 26. Nxa5 Rb6 27. Bg2 Nb8 28. Rfd2 Ra6 29. Nb7 Nd7 30. Nd6 Rb8 31. h3 h5 32. Kh2 Rb3 33. Ne4 Ra7 34. Rc3 Rxc3 35. Nxc3 Nb6 36. Bxc6 Nxc4 37. Rd8+ Kg7 38. Nd1 Nxb2 39. Nxb2 Rxa3 40. Bd5 Bf5 41. Bc4 Rc3 42. Rd2 Rc1 43. Bd5 Kf8 44. Nc4 Be4 45. Bxe4 Rxc4 46. Bd5 Rc1 47. Bb3 Rc3 48. Bc2 Ke7 49. Kg2 Ke6 50. Kf2 h4 51. gxh4 Rxh3 52. Be4 Rxh4 53. Rd6+ Ke7 54. Ke3 Rh3+ 55. Bf3 Rh2 56. Bd5 Rh3+ 57. Bf3 Rh2 58. Rc6 g5 59. fxg5 1-0

[Event "2BLO 2223 SG Leipzig  - SC NT Nürnberg"]
[Site "?"]
[Date "2023.03.18"]
[Round "9.8"]
[White "Schiffer, Stefan"]
[Black "Mohylnyi, Stepan"]
[Result "0-1"]
[WhiteElo "2256"]
[BlackElo "2028"]
[PlyCount "74"]
[EventDate "2023.??.??"]

1. e4 e6 2. d4 d5 3. Nc3 Bb4 4. e5 c5 5. Bd2 Bd7 6. a3 Bxc3 7. Bxc3 cxd4 8. Qxd4 Ne7 9. Bd3 Nbc6 10. Qg4 Ng6 11. Nf3 Qc7 12. h4 O-O-O 13. Qg3 d4 14. Nxd4 Qxe5+ 15. Qxe5 Ncxe5 16. Bb5 Bxb5 17. Nxb5 Rd5 18. a4 a6 19. Nd4 h5 20. O-O-O Rhd8 21. Ne2 f6 22. Rxd5 Rxd5 23. b3 Ng4 24. f3 Ne3 25. g3 e5 26. Bd2 Nf5 27. Be1 Nd4 28. Nxd4 exd4 29. Kd2 d3 30. c4 Rd7 31. Rf1 Ne5 32. f4 Nc6 33. Bf2 Ne7 34. Re1 Nf5 35. Re8+ Kc7 36. Rh8 Nd6 37. Bd4 Ne4+ 0-1

[Event "2BLO 2223 MSA Zugzwang - SK Passau"]
[Site "?"]
[Date "2023.03.18"]
[Round "9.1"]
[White "Diermair, Andreas"]
[Black "Bromberger, Stefan"]
[Result "1/2-1/2"]
[WhiteElo "2432"]
[BlackElo "2476"]
[PlyCount "57"]
[EventDate "2023.??.??"]

1. d4 Nf6 2. Nf3 g6 3. g3 Bg7 4. Bg2 O-O 5. O-O c5 6. dxc5 Na6 7. Be3 Qc7 8. Nc3 Nxc5 9. Nb5 Qb6 10. c4 Ng4 11. Bd4 d6 12. b4 Bxd4 13. Qxd4 Na4 14. Qd1 Bd7 15. Qxa4 a6 16. Qd1 axb5 17. c5 Qc7 18. cxd6 exd6 19. Qd4 Ne5 20. Rfc1 Bc6 21. Nd2 Qe7 22. Ne4 Rfd8 23. Rc2 Bxe4 24. Qxe4 d5 25. Qe3 Qf6 26. Rd1 d4 27. Qf4 Qxf4 28. gxf4 d3 29. exd3 1/2-1/2

[Event "2BLO 2223 MSA Zugzwang - SK Passau"]
[Site "?"]
[Date "2023.03.18"]
[Round "9.2"]
[White "Shengelia, David"]
[Black "Schwabeneder, Florian"]
[Result "1-0"]
[WhiteElo "2502"]
[BlackElo "2400"]
[PlyCount "81"]
[EventDate "2023.??.??"]

1. d4 Nf6 2. c4 e6 3. Nf3 Bb4+ 4. Bd2 Be7 5. Nc3 d5 6. Qc2 c5 7. cxd5 exd5 8. dxc5 Na6 9. Na4 Ne4 10. e3 Naxc5 11. Nxc5 Bxc5 12. Bd3 Qe7 13. Rc1 Bb6 14. Bb5+ Bd7 15. Bxd7+ Qxd7 16. Ne5 Qe6 17. Qa4+ Kf8 18. Nd7+ Kg8 19. Nxb6 Qxb6 20. Qd7 h5 21. Qxd5 Re8 22. O-O Rh6 23. Bc3 h4 24. Bd4 Qg6 25. Qd7 Rf8 26. h3 Rh5 27. f4 Ng3 28. Rfe1 Qa6 29. Qg4 g6 30. Rc8 Nf5 31. Rxf8+ Kxf8 32. Bc5+ Kg7 33. e4 Qc4 34. Bf2 Ng3 35. Bxg3 hxg3 36. Qxg3 Qxa2 37. Qc3+ Kh7 38. Rd1 Qa5 39. Rd7 Qb6+ 40. Kh2 Kg8 41. Re7 1-0

[Event "2BLO 2223 MSA Zugzwang - SK Passau"]
[Site "?"]
[Date "2023.03.18"]
[Round "9.3"]
[White "Leisch, Lukas"]
[Black "Baidetskyi, Valentin"]
[Result "0-1"]
[WhiteElo "2378"]
[BlackElo "2486"]
[PlyCount "90"]
[EventDate "2023.??.??"]

1. c4 e5 2. g3 f5 3. d4 Bb4+ 4. Nd2 e4 5. Qa4 c5 6. dxc5 Nc6 7. Nh3 Nf6 8. Nf4 Bxc5 9. Nb3 Be7 10. Nd5 Nxd5 11. cxd5 b5 12. Qxb5 Rb8 13. Qc4 Nb4 14. Bh3 Ba6 15. Qc3 Rc8 16. Qxg7 Bf6 17. Qh6 Nc2+ 18. Kf1 Nxa1 19. Nxa1 Qe7 20. Bxf5 Rc5 21. Qe3 Rxd5 22. g4 Rd1+ 23. Kg2 Rxh1 24. Kxh1 d5 25. Nb3 O-O 26. Nc5 Bc8 27. Bxc8 Rxc8 28. b4 Qg7 29. g5 Bd4 30. Qh3 Re8 31. Ne6 Qd7 32. Nf4 Qxh3 33. Nxh3 Rc8 34. Bf4 Rc2 35. e3 Bc3 36. a3 Ra2 37. Bd6 Rxa3 38. Bc5 d4 39. exd4 Bxb4 40. Bxb4 Rxh3 41. d5 Kf7 42. Kg2 Rb3 43. Bc5 a5 44. d6 a4 45. h4 Rd3 0-1

[Event "2BLO 2223 MSA Zugzwang - SK Passau"]
[Site "?"]
[Date "2023.03.18"]
[Round "9.4"]
[White "Kindermann, Stefan"]
[Black "Schreiner, Peter"]
[Result "1/2-1/2"]
[WhiteElo "2460"]
[BlackElo "2392"]
[PlyCount "56"]
[EventDate "2023.??.??"]

1. d4 Nf6 2. Nf3 g6 3. g3 Bg7 4. Bg2 O-O 5. O-O d5 6. c4 c6 7. b3 a5 8. Nc3 Ne4 9. Bb2 Nxc3 10. Bxc3 a4 11. e3 b5 12. Re1 Bb7 13. Rc1 axb3 14. axb3 bxc4 15. bxc4 Nd7 16. Nd2 e6 17. e4 Nf6 18. e5 Nd7 19. c5 Ba6 20. f4 Qc7 21. Qc2 Bb5 22. Ra1 Rfe8 23. Bf1 Bxf1 24. Rxf1 f5 25. exf6 Bxf6 26. Rxa8 Rxa8 27. Rb1 Qc8 28. Nb3 Bd8 1/2-1/2

[Event "2BLO 2223 MSA Zugzwang - SK Passau"]
[Site "?"]
[Date "2023.03.18"]
[Round "9.5"]
[White "Weiss, Christian"]
[Black "Hertneck, Gerald"]
[Result "0-1"]
[WhiteElo "2383"]
[BlackElo "2469"]
[PlyCount "104"]
[EventDate "2023.??.??"]

1. c4 e5 2. g3 Nf6 3. Bg2 d5 4. cxd5 Nxd5 5. Nc3 Nb6 6. d3 Be7 7. a3 O-O 8. Nf3 Nc6 9. O-O Re8 10. Be3 Bf8 11. Rc1 Nd4 12. Ne4 Be6 13. Nxd4 exd4 14. Bf4 c6 15. Re1 Bd5 16. g4 Nd7 17. h3 Qb6 18. Qc2 Rad8 19. Nd2 Bxg2 20. Kxg2 Nc5 21. b4 Ne6 22. Bg3 Rd5 23. Nc4 Qd8 24. Rcd1 f5 25. gxf5 Rxf5 26. e4 dxe3 27. fxe3 Qd7 28. h4 Nc7 29. d4 Nd5 30. Ne5 Qe6 31. Qd2 Nf6 32. e4 Rh5 33. Qe2 g6 34. Qf3 Bg7 35. Re2 Rf8 36. Nd3 Qb3 37. Nf2 Qxf3+ 38. Kxf3 Nd5+ 39. Kg4 Nc3 40. Red2 Nxd1 41. Rxd1 Rb5 42. d5 cxd5 43. exd5 Rf5 44. d6 Rbd5 45. Re1 Be5 46. Ne4 Bxg3 47. Kxg3 Rd3+ 48. Kg2 Rf4 49. Ng5 Rxd6 50. Kg3 Rf8 51. Re7 h6 52. Ne6 Rf6 0-1

[Event "2BLO 2223 MSA Zugzwang - SK Passau"]
[Site "?"]
[Date "2023.03.18"]
[Round "9.6"]
[White "Zysk, Robert"]
[Black "Testor, Sebastian"]
[Result "1-0"]
[WhiteElo "2404"]
[BlackElo "2315"]
[PlyCount "123"]
[EventDate "2023.??.??"]

1. Nf3 Nf6 2. c4 e6 3. g3 a6 4. Bg2 b5 5. b3 c5 6. O-O Bb7 7. Bb2 Qb6 8. d3 Be7 9. Nbd2 O-O 10. Qc2 Nc6 11. Rac1 Rfc8 12. e3 d5 13. a3 Na5 14. cxd5 exd5 15. Bh3 Re8 16. Qb1 Nc6 17. Qa1 Bc8 18. Bg2 Nd8 19. Bc3 a5 20. d4 c4 21. bxc4 bxc4 22. Ne5 Ra6 23. e4 Nxe4 24. Nxe4 dxe4 25. Bxe4 Bf6 26. Nxc4 Qc7 27. Ne5 Bb7 28. Bxb7 Qxb7 29. Qb1 Qa8 30. Rfe1 Ne6 31. h4 a4 32. Rcd1 Nc7 33. Ng4 Nd5 34. Rxe8+ Qxe8 35. Re1 Re6 36. Rxe6 fxe6 37. Nxf6+ Nxf6 38. Bd2 Qd7 39. Qb4 h6 40. Bf4 Nd5 41. Qb8+ Kh7 42. Be5 Nc3 43. Qb4 Nd5 44. Qb1+ Kg8 45. h5 Qf7 46. g4 Nc3 47. Qd3 Nd5 48. Qb5 Qe7 49. Qxa4 Kf7 50. Qb3 Qg5 51. Qf3+ Ke7 52. Kg2 g6 53. hxg6 Qxg6 54. Kh2 Kd7 55. a4 Kc6 56. Qe2 Kb6 57. Qb5+ Ka7 58. Bb8+ Ka8 59. Bd6 Ka7 60. Bc5+ Ka8 61. Qa6+ Kb8 62. Bd6+ 1-0

[Event "2BLO 2223 MSA Zugzwang - SK Passau"]
[Site "?"]
[Date "2023.03.18"]
[Round "9.7"]
[White "Wisnet, Dominic"]
[Black "Zeller, Frank"]
[Result "1-0"]
[WhiteElo "2281"]
[BlackElo "2366"]
[PlyCount "101"]
[EventDate "2023.??.??"]

1. Nf3 g6 2. g3 Bg7 3. d4 c5 4. d5 d6 5. Bg2 Nf6 6. O-O b5 7. Re1 O-O 8. h3 Nbd7 9. a4 b4 10. e4 Bb7 11. a5 Rb8 12. Nbd2 Qc7 13. Nc4 Ba6 14. Bf1 Rbd8 15. Bf4 Nh5 16. Bg5 Bxc4 17. Bxc4 Ne5 18. Nxe5 Bxe5 19. Ra2 Qd7 20. Qg4 Qxg4 21. hxg4 Nf6 22. Kg2 Kg7 23. Bd2 Nxg4 24. f3 f5 25. fxg4 fxg4 26. Rf1 Rxf1 27. Bxf1 Rf8 28. Be2 Bd4 29. Be1 h5 30. c3 Be3 31. cxb4 cxb4 32. b3 Kf6 33. Bxb4 Ke5 34. Bc3+ Kxe4 35. Bc4 g5 36. Re2 h4 37. Bd2 h3+ 38. Kh2 Rf2+ 39. Rxf2 Bxf2 40. Bxg5 Kf3 41. Bh4 Be1 42. a6 Bb4 43. Bxe7 Bc5 44. Bg5 Bb4 45. Bd3 Bc5 46. Bc2 Ke2 47. Bd8 Kf1 48. Bd3+ Kf2 49. b4 Bxb4 50. Bb6+ Kf3 51. Bc2 1-0

[Event "2BLO 2223 MSA Zugzwang - SK Passau"]
[Site "?"]
[Date "2023.03.18"]
[Round "9.8"]
[White "Gerigk, Erasmus"]
[Black "Postlmayer, Jakob"]
[Result "0-1"]
[WhiteElo "2320"]
[BlackElo "2323"]
[PlyCount "84"]
[EventDate "2023.??.??"]

1. e4 e5 2. Nf3 Nf6 3. Nxe5 d6 4. Nf3 Nxe4 5. Nc3 Nxc3 6. dxc3 Be7 7. Be3 O-O 8. Qd2 Nd7 9. O-O-O Nf6 10. Bd4 Be6 11. c4 c5 12. Be3 d5 13. Ng5 d4 14. Qe1 Bd7 15. Bd2 Re8 16. Bd3 Bd6 17. Qf1 h6 18. Nh3 Qc7 19. Kb1 a6 20. f3 Nh5 21. g3 Rab8 22. Nf2 Nf6 23. Re1 Rxe1+ 24. Qxe1 Bc6 25. Qd1 b5 26. Re1 Qb7 27. Bc1 Bxf3 28. Qd2 Bf8 29. Ka1 bxc4 30. Bxc4 Nd5 31. Qa5 Ne3 32. Bxa6 Nxc2+ 33. Kb1 Qa8 34. Kxc2 Bb7 35. Bf4 Bxa6 36. Qd2 Re8 37. b3 Rxe1 38. Qxe1 Qf3 39. Kb2 c4 40. Ne4 c3+ 41. Ka1 Ba3 42. Nf2 Bb2+ 0-1

[Event "2BLO 2223 FC Bayern München II - SC Bav"]
[Site "?"]
[Date "2023.03.18"]
[Round "9.1"]
[White "Stocek, Jiri"]
[Black "Bezold, Michael"]
[Result "1-0"]
[WhiteElo "2534"]
[BlackElo "2476"]
[PlyCount "111"]
[EventDate "2023.??.??"]

1. c4 e5 2. Nc3 Nf6 3. Nf3 d6 4. d4 Nbd7 5. e4 Be7 6. Be2 O-O 7. O-O c6 8. Be3 Ng4 9. Bd2 a6 10. d5 g6 11. Ne1 Ngf6 12. Nd3 cxd5 13. cxd5 Ne8 14. Rc1 Bg5 15. g3 Bxd2 16. Qxd2 f5 17. exf5 gxf5 18. Kh1 Qe7 19. f4 Ndf6 20. Qe3 e4 21. Nb4 Bd7 22. Qb6 Ng7 23. Nc2 Rab8 24. Ne3 Rfc8 25. a4 Be8 26. a5 Bf7 27. Qd4 h5 28. Rg1 Be8 29. h3 Bd7 30. Na4 Bxa4 31. Qxa4 Kf7 32. Qb4 Rxc1 33. Rxc1 Qd8 34. Qc3 Ke7 35. Kg2 Qd7 36. b4 Rg8 37. Kf2 Rb8 38. Bd1 Rd8 39. Be2 Rb8 40. b5 axb5 41. Qc7 Ra8 42. Bxb5 Qxc7 43. Rxc7+ Kf8 44. Nc4 Nxd5 45. Rxb7 e3+ 46. Ke1 Nb4 47. Nxd6 Ne6 48. Bc4 Nc2+ 49. Kd1 e2+ 50. Bxe2 Rd8 51. Kxc2 Rxd6 52. Kc3 Nc5 53. Rb8+ Ke7 54. Kb4 Ne6 55. Rb7+ Kd8 56. a6 1-0

[Event "2BLO 2223 FC Bayern München II - SC Bav"]
[Site "?"]
[Date "2023.03.18"]
[Round "9.2"]
[White "Belezky, Alexander"]
[Black "Kaczur, Florian"]
[Result "1-0"]
[WhiteElo "2335"]
[BlackElo "2472"]
[PlyCount "117"]
[EventDate "2023.??.??"]

1. Nf3 g6 2. d4 Bg7 3. g4 d5 4. h3 c5 5. c3 Nf6 6. dxc5 h5 7. g5 Ne4 8. Be3 e5 9. Nbd2 Nxd2 10. Qxd2 Be6 11. Bg2 Nc6 12. Rd1 O-O 13. Nh4 e4 14. f3 Qc8 15. fxe4 dxe4 16. Qc2 Qc7 17. Bxe4 Rae8 18. Bf2 Qf4 19. Ng2 Qxg5 20. Kf1 Qf6 21. Rd6 Rd8 22. Kg1 Rxd6 23. cxd6 Rd8 24. Bg3 Bf8 25. Bxc6 bxc6 26. Qd3 Bf5 27. Qe3 Ra8 28. Be5 Qe6 29. Bg3 Bxh3 30. c4 c5 31. Rxh3 Qxh3 32. Nf4 Qg4 33. Nd5 Bg7 34. Kh2 h4 35. Bf4 Bd4 36. Qf3 Qxf3 37. exf3 f6 38. Nc7 Rb8 39. Ne6 Rxb2+ 40. Kh3 Rb7 41. Nxd4 g5 42. Bh2 Kf7 43. Nb3 Ke8 44. Nxc5 Rb4 45. Ne4 Rxc4 46. Nxf6+ Kd8 47. Ne4 Ra4 48. Be5 g4+ 49. Kxg4 Kd7 50. Bf4 Kc6 51. Kxh4 Rxa2 52. Nc5 Ra1 53. d7 Rh1+ 54. Kg3 Rh8 55. Bg5 Kc7 56. d8=Q+ Rxd8 57. Ne6+ Kd7 58. Nxd8 a5 59. Nb7 1-0

[Event "2BLO 2223 FC Bayern München II - SC Bav"]
[Site "?"]
[Date "2023.03.18"]
[Round "9.3"]
[White "Schneider, Jana"]
[Black "Zajogin, Alexander"]
[Result "0-1"]
[WhiteElo "2274"]
[BlackElo "2387"]
[PlyCount "86"]
[EventDate "2023.??.??"]

1. e4 e5 2. Nf3 Nc6 3. Bb5 a6 4. Ba4 f5 5. d3 fxe4 6. dxe4 Nf6 7. O-O d6 8. Nc3 Be7 9. Qd3 Bd7 10. a3 Na5 11. b4 b5 12. bxa5 bxa4 13. Rb1 O-O 14. Nxa4 Bxa4 15. Qc4+ d5 16. Qxa4 Nxe4 17. Qb3 Qd6 18. Bb2 Bf6 19. Rbd1 Rad8 20. Qe3 Rfe8 21. c4 c6 22. Rfe1 Qb8 23. Ba1 Qa8 24. h3 Nd6 25. Nxe5 Nxc4 26. Qg3 Bxe5 27. Bxe5 Qb7 28. Bf6 Rc8 29. Bc3 Qf7 30. Rxe8+ Rxe8 31. Rd4 Ne5 32. Rb4 c5 33. Rf4 Qg6 34. Qxg6 Nxg6 35. Rf5 d4 36. Bd2 Re2 37. Bg5 c4 38. Kf1 Rc2 39. Rd5 h6 40. Rd6 hxg5 41. Rxg6 d3 42. Ke1 c3 43. Kd1 Ra2 0-1

[Event "2BLO 2223 FC Bayern München II - SC Bav"]
[Site "?"]
[Date "2023.03.18"]
[Round "9.4"]
[White "Hoeglauer, Patrick"]
[Black "Pezelj, Novak"]
[Result "0-1"]
[WhiteElo "2282"]
[BlackElo "2488"]
[PlyCount "74"]
[EventDate "2023.??.??"]

1. d4 Nf6 2. c4 g6 3. Nc3 Bg7 4. e4 O-O 5. Nf3 d6 6. h3 Nbd7 7. e5 Ne8 8. Bf4 c5 9. dxc5 Nxc5 10. Be2 Be6 11. O-O Qb6 12. Rb1 a5 13. Be3 Bf5 14. Nd5 Qd8 15. Rc1 Rc8 16. exd6 Nxd6 17. Bd4 Bh6 18. Ra1 Be6 19. Be5 Nde4 20. Qd4 f6 21. Bh2 Bf7 22. b3 e6 23. Ne3 Qxd4 24. Nxd4 Rfd8 25. Ng4 Bg7 26. Nf3 h5 27. Ne3 Bh6 28. Nc2 e5 29. Rfe1 Nc3 30. Kf1 e4 31. Nfd4 Nd3 32. Red1 Nxd1 33. Rxd1 Nb4 34. Nxb4 axb4 35. Ke1 Ra8 36. Nc2 Rxd1+ 37. Bxd1 Rxa2 0-1

[Event "2BLO 2223 FC Bayern München II - SC Bav"]
[Site "?"]
[Date "2023.03.18"]
[Round "9.5"]
[White "Kilgus, Georg"]
[Black "Rodewis, Thomas"]
[Result "1/2-1/2"]
[WhiteElo "2413"]
[BlackElo "2357"]
[PlyCount "179"]
[EventDate "2023.??.??"]

1. Nf3 d5 2. g3 Bg4 3. Bg2 Nd7 4. h3 Bxf3 5. Bxf3 c6 6. d3 e5 7. e4 dxe4 8. dxe4 Ngf6 9. O-O Bc5 10. c3 a5 11. a4 O-O 12. Qc2 Qc7 13. Nd2 Rfe8 14. Kg2 Nf8 15. Be2 Ne6 16. Bc4 Nd7 17. Nf3 Ba7 18. Ng5 Nxg5 19. Bxg5 Nf8 20. Rad1 Ne6 21. Bc1 Rad8 22. h4 h6 23. Qe2 Qe7 24. Rxd8 Qxd8 25. Qg4 Qf6 26. Qf5 Qxf5 27. exf5 Nf8 28. g4 Bc5 29. Re1 Nd7 30. g5 hxg5 31. hxg5 Nb6 32. Bb3 Kf8 33. Rd1 Ke7 34. g6 f6 35. f4 e4 36. Bf7 Rd8 37. Re1 e3 38. Bxe3 Bxe3 39. Rxe3+ Kf8 40. Re4 Nc8 41. Re2 Nd6 42. Be6 Ke7 43. b4 axb4 44. cxb4 Rh8 45. a5 Kd8 46. Re1 Kc7 47. Kg3 Rh6 48. Rc1 Rh8 49. Kg4 Nb5 50. Bc4 Nd4 51. b5 cxb5 52. Bxb5+ Kd6 53. Bd3 Re8 54. Rb1 Re7 55. a6 bxa6 56. Rb6+ Kc5 57. Rxa6 Nc6 58. Ra8 Re3 59. Bf1 Re7 60. Bg2 Nb4 61. Rd8 Kb6 62. Rf8 Nc2 63. Bh3 Kc7 64. Ra8 Ne3+ 65. Kf3 Nd5 66. Bf1 Re3+ 67. Kf2 Re7 68. Ra4 Nb6 69. Rd4 Kc6 70. Bg2+ Kc5 71. Rd8 Rd7 72. Rg8 Re7 73. Bf3 Nc4 74. Be2 Nd6 75. Bd3 Rd7 76. Ke3 Re7+ 77. Kd2 Rd7 78. Kc3 Rc7 79. Rd8 Kd5+ 80. Kd2 Kc6 81. Ke3 Rc8 82. Rxc8+ Nxc8 83. Kd4 Nb6 84. Bc2 Kd6 85. Bb3 Nd7 86. Ba4 Nc5 87. Bc2 Na6 88. Kc4 Nc5 89. Kd4 Na6 90. Ke4 1/2-1/2

[Event "2BLO 2223 FC Bayern München II - SC Bav"]
[Site "?"]
[Date "2023.03.18"]
[Round "9.6"]
[White "Schenk, Andreas"]
[Black "Goldbeck, Lars"]
[Result "1-0"]
[WhiteElo "2410"]
[BlackElo "2255"]
[PlyCount "73"]
[EventDate "2023.??.??"]

1. d4 d5 2. c4 e6 3. Nc3 Nf6 4. cxd5 exd5 5. Bg5 c6 6. Qc2 Bd6 7. e3 O-O 8. Bd3 h6 9. Bh4 Re8 10. Nge2 a5 11. h3 Na6 12. a3 Nc7 13. O-O Ne6 14. Rab1 Ng5 15. Bg3 Nfe4 16. Bxe4 dxe4 17. Bxd6 Qxd6 18. Nf4 Bf5 19. d5 Qe5 20. Qe2 Rad8 21. dxc6 bxc6 22. Rbd1 Qc5 23. Rxd8 Rxd8 24. Rd1 Rb8 25. Rd4 Nh7 26. Rc4 Qb6 27. Na4 Qb3 28. Qc2 Qxc2 29. Rxc2 Nf6 30. Ne2 Bd7 31. Nd4 Kf8 32. Rc5 g6 33. Rxa5 c5 34. Nxc5 Rxb2 35. Ra6 Rb1+ 36. Kh2 Rc1 37. Ncb3 1-0

[Event "2BLO 2223 FC Bayern München II - SC Bav"]
[Site "?"]
[Date "2023.03.18"]
[Round "9.7"]
[White "Oberhofer, Cedric"]
[Black "Singer, Christoph"]
[Result "1-0"]
[WhiteElo "2235"]
[BlackElo "2308"]
[PlyCount "75"]
[EventDate "2023.??.??"]

1. c4 e6 2. g3 d5 3. d4 dxc4 4. Nf3 a6 5. Bg2 Nc6 6. O-O Rb8 7. e3 b5 8. Qe2 Nf6 9. Rd1 Be7 10. b3 cxb3 11. axb3 O-O 12. e4 Bb7 13. Bb2 Nb4 14. Nc3 c6 15. e5 Nd7 16. Ne4 Nd5 17. h4 c5 18. h5 h6 19. Ne1 Rc8 20. Rac1 Qb6 21. dxc5 Qa5 22. Nd3 b4 23. Bd4 Bc6 24. Qg4 Kh8 25. Nd6 Bxd6 26. exd6 N5f6 27. Bxf6 gxf6 28. Bxc6 Rxc6 29. Qxb4 Qxb4 30. Nxb4 Rxc5 31. Rxc5 Nxc5 32. Rc1 Rd8 33. Rxc5 Rxd6 34. Nc6 Kg7 35. Na5 Rd1+ 36. Kg2 Ra1 37. b4 Ra4 38. Nc6 1-0

[Event "2BLO 2223 Erfurter SK - SG Leipzig"]
[Site "?"]
[Date "2023.03.19"]
[Round "10.1"]
[White "Richter, Leonard"]
[Black "Romanov, Evgeny"]
[Result "1/2-1/2"]
[WhiteElo "2208"]
[BlackElo "2583"]
[PlyCount "73"]
[EventDate "2023.??.??"]

1. e4 e6 2. d4 d5 3. Nc3 Bb4 4. e5 c5 5. dxc5 Ne7 6. Nf3 Nbc6 7. Bd3 d4 8. a3 Ba5 9. b4 Nxb4 10. axb4 Bxb4 11. O-O Bxc3 12. Rb1 Bd7 13. Ng5 Bc6 14. Qh5 g6 15. Qh6 Nf5 16. Bxf5 gxf5 17. Qg7 Kd7 18. Nxh7 Kc7 19. Qxf7+ Qd7 20. Qxd7+ Kxd7 21. Nf6+ Ke7 22. Bb2 Rh4 23. Rfd1 Bxb2 24. Rxb2 a5 25. f3 a4 26. g3 Rhh8 27. Rxd4 a3 28. Ra2 Ra5 29. f4 Rxc5 30. Rxa3 Rxc2 31. h4 Rc8 32. Rad3 Rg2+ 33. Kf1 Rh2 34. Rd7+ Bxd7 35. Rxd7+ Kf8 36. Nh7+ Ke8 37. Nf6+ 1/2-1/2

[Event "2BLO 2223 Erfurter SK - SG Leipzig"]
[Site "?"]
[Date "2023.03.19"]
[Round "10.2"]
[White "Votava, Jan"]
[Black "Nguyen, Alex Dac-Vuong"]
[Result "1-0"]
[WhiteElo "2467"]
[BlackElo "2332"]
[PlyCount "105"]
[EventDate "2023.??.??"]

1. d4 Nf6 2. c4 e6 3. Nf3 d5 4. g3 Bb4+ 5. Bd2 Be7 6. Qc2 O-O 7. Bg2 Nbd7 8. O-O c6 9. b3 b6 10. Bc3 Bb7 11. Nbd2 Rc8 12. e4 c5 13. e5 Ne8 14. Qb2 Qc7 15. a4 Qb8 16. Rfd1 Nc7 17. h4 Rfd8 18. Ne1 dxc4 19. Bxb7 Qxb7 20. bxc4 cxd4 21. Bxd4 Nc5 22. a5 bxa5 23. Qxb7 Nxb7 24. Bxa7 Bb4 25. Ne4 Na6 26. Rxd8+ Rxd8 27. Nc2 Bf8 28. Bb6 Rc8 29. Ne3 Bb4 30. Nd6 Nxd6 31. exd6 Bxd6 32. Rxa5 Nc5 33. Kg2 f5 34. Ra7 Nb3 35. Rd7 Rc6 36. Ba7 Nc5 37. Rxd6 Rxd6 38. Bxc5 Rd3 39. f4 Kf7 40. Kf3 h6 41. Ke2 Rb3 42. Kd2 g5 43. Kc2 Rb7 44. Bd6 gxh4 45. gxh4 Ke8 46. c5 Rb4 47. Kc3 Re4 48. Nc4 Kd7 49. Ne5+ Kc8 50. c6 Re1 51. Nc4 Rc1+ 52. Kd4 Rb1 53. Ke5 1-0

[Event "2BLO 2223 Erfurter SK - SG Leipzig"]
[Site "?"]
[Date "2023.03.19"]
[Round "10.4"]
[White "Enders, Peter"]
[Black "Roesemann, Rainer"]
[Result "1/2-1/2"]
[WhiteElo "2404"]
[BlackElo "2274"]
[PlyCount "148"]
[EventDate "2023.??.??"]

1. e4 c6 2. b3 d5 3. Bb2 dxe4 4. Nc3 Nf6 5. Nge2 Bf5 6. Ng3 Bg6 7. Qe2 e6 8. O-O-O Nbd7 9. Ngxe4 Qa5 10. Kb1 Ba3 11. Ba1 Qb4 12. Nxf6+ Nxf6 13. h4 h5 14. f3 b5 15. Qe3 Rd8 16. Qxa7 O-O 17. Be2 Ra8 18. Qe3 Qa5 19. Bd3 Bxd3 20. Qxd3 Rfd8 21. Qe2 Bf8 22. Kc1 Nd5 23. Nb1 Qxa2 24. Bb2 Nb4 25. d3 Bd6 26. Rd2 Bf4 27. Qe4 Nd5 28. g3 Bxd2+ 29. Nxd2 b4 30. Re1 Nc3 31. Qxb4 Qb1+ 32. Nxb1 Na2+ 33. Kd2 Nxb4 34. Na3 c5 35. Nc4 Nc6 36. f4 Nd4 37. Kc1 Nf5 38. Rg1 f6 39. Kb1 Kf7 40. Ba3 Rac8 41. Kb2 Nd6 42. Nb6 Rc6 43. Na4 Nb7 44. Nc3 Kg6 45. Nd1 Nd6 46. Kb1 Nb5 47. Bb2 Nd4 48. Ne3 Rc7 49. Rg2 Nxb3 50. cxb3 Rxd3 51. Nc4 Rxb3 52. Kc2 Rf3 53. Nd2 Re3 54. Nc4 Re1 55. Bc3 Rh1 56. Ne3 Rd7 57. Re2 Rg1 58. Be1 Ra7 59. Kd3 Ra3+ 60. Ke4 Ra1 61. Bf2 Ra4+ 62. Kf3 Rc1 63. Rb2 Ra6 64. Rb7 Rc6 65. g4 hxg4+ 66. Nxg4 Ra6 67. h5+ Kxh5 68. Rxg7 Rc3+ 69. Be3 Raa3 70. f5 Rxe3+ 71. Nxe3 exf5 72. Kf4 Ra2 73. Nxf5 Rf2+ 74. Ke4 c4 1/2-1/2

[Event "2BLO 2223 Erfurter SK - SG Leipzig"]
[Site "?"]
[Date "2023.03.19"]
[Round "10.5"]
[White "Kalkhof, Stefan"]
[Black "Mueller, Matthias"]
[Result "1/2-1/2"]
[WhiteElo "2214"]
[BlackElo "2375"]
[PlyCount "25"]
[EventDate "2023.??.??"]

1. Nf3 d5 2. c4 e6 3. d4 Nf6 4. Nc3 Be7 5. Bg5 h6 6. Bh4 O-O 7. e3 b6 8. cxd5 Nxd5 9. Bxe7 Qxe7 10. Nxd5 exd5 11. Bd3 c5 12. b3 Ba6 13. O-O 1/2-1/2

[Event "2BLO 2223 Erfurter SK - SG Leipzig"]
[Site "?"]
[Date "2023.03.19"]
[Round "10.6"]
[White "Voekler, Bernd"]
[Black "Haufe, Laurin"]
[Result "1/2-1/2"]
[WhiteElo "2328"]
[BlackElo "2177"]
[PlyCount "80"]
[EventDate "2023.??.??"]

1. e4 c6 2. d4 d5 3. Nc3 dxe4 4. Nxe4 Bf5 5. Ng3 Bg6 6. Nf3 Nd7 7. h4 h6 8. h5 Bh7 9. Bd3 Bxd3 10. Qxd3 e6 11. Bf4 Qa5+ 12. Kf1 Ngf6 13. c4 Be7 14. Bd2 Qa6 15. Qe2 O-O 16. Kg1 Rfe8 17. Rh3 Rad8 18. b3 Bd6 19. Bc3 Bxg3 20. fxg3 Qb6 21. Kh1 Ng4 22. Rh4 f5 23. Rxg4 fxg4 24. Nh2 Qc7 25. Qxg4 Nf6 26. Qh4 Qf7 27. g4 Ne4 28. Rf1 Qe7 29. Qe1 Nxc3 30. Qxc3 e5 31. dxe5 Qxe5 32. Qc2 Qe4 33. Qc1 Kh8 34. g5 Qe3 35. Rf8+ Rxf8 36. Qxe3 Rd1+ 37. Nf1 Rdxf1+ 38. Kh2 R1f5 39. gxh6 Rxh5+ 40. Kg1 Rxh6 1/2-1/2

[Event "2BLO 2223 Erfurter SK - SG Leipzig"]
[Site "?"]
[Date "2023.03.19"]
[Round "10.7"]
[White "Rausch, Stephan"]
[Black "Brueggemann, Joachim"]
[Result "1/2-1/2"]
[WhiteElo "2272"]
[BlackElo "2291"]
[PlyCount "21"]
[EventDate "2023.??.??"]

1. d4 Nf6 2. Nf3 e6 3. Bg5 h6 4. Bh4 c5 5. e3 b6 6. c3 Bb7 7. Nbd2 cxd4 8. exd4 Be7 9. Bd3 O-O 10. Qe2 Nc6 11. Ba6 1/2-1/2

[Event "2BLO 2223 SC NT Nürnberg - Nickelhütte"]
[Site "?"]
[Date "2023.03.19"]
[Round "10.1"]
[White "Slobodjan, Roman"]
[Black "Milov, Leonid"]
[Result "1/2-1/2"]
[WhiteElo "2449"]
[BlackElo "2425"]
[PlyCount "58"]
[EventDate "2023.??.??"]

1. e4 c5 2. Nf3 e6 3. d4 cxd4 4. Nxd4 Nc6 5. Nb5 d6 6. c4 Nf6 7. N1c3 a6 8. Nd4 Bd7 9. Be2 Be7 10. Be3 O-O 11. O-O Qb8 12. f4 Nxd4 13. Bxd4 Bc6 14. Bf3 b5 15. cxb5 axb5 16. e5 Bxf3 17. Qxf3 dxe5 18. fxe5 Nd7 19. Qc6 Nxe5 20. Qxb5 Ng4 21. Qxb8 Raxb8 22. h3 Rb4 23. Ne2 Nf6 24. Rac1 Nd5 25. a3 Ra4 26. Rf3 f5 27. Rb3 Kf7 28. Rb7 Re8 29. Bf2 Kg6 1/2-1/2

[Event "2BLO 2223 SC NT Nürnberg - Nickelhütte"]
[Site "?"]
[Date "2023.03.19"]
[Round "10.2"]
[White "Yelisieiev, Yevhenii"]
[Black "Eichner, Sebastian"]
[Result "1-0"]
[WhiteElo "2404"]
[BlackElo "2315"]
[PlyCount "97"]
[EventDate "2023.??.??"]

1. Nf3 d5 2. b3 c5 3. Bb2 Nc6 4. e3 Nf6 5. Bb5 Bd7 6. O-O e6 7. Bxc6 Bxc6 8. Ne5 Rc8 9. f4 Bd6 10. d3 O-O 11. Nd2 Be8 12. f5 Qc7 13. Ng4 Nxg4 14. Qxg4 f6 15. fxe6 Bxh2+ 16. Kh1 Bg6 17. c4 dxc4 18. bxc4 Bxd3 19. Rxf6 Be5 20. Rf7 Rxf7 21. exf7+ Kxf7 22. Rf1+ Bxf1 23. Bxe5 Qxe5 24. Qxc8 Bd3 25. Qd7+ Kf8 26. Qd8+ Kf7 27. Qxd3 Qa1+ 28. Qf1+ Qxf1+ 29. Nxf1 Ke6 30. Kg1 b5 31. cxb5 Kd5 32. Kf2 Kc4 33. e4 Kxb5 34. Ke3 Kc6 35. Nd2 Kd6 36. Kf4 Ke6 37. Nc4 h6 38. e5 g5+ 39. Kg4 a6 40. Kh5 Kd5 41. g4 a5 42. Nxa5 Kxe5 43. Kxh6 Kd4 44. Kxg5 Kc3 45. Kf4 Kb4 46. Nc6+ Ka3 47. Ne5 Kxa2 48. g5 c4 49. Nxc4 1-0